Empires without imperialism : (Record no. 21089)
[ view plain ]
| 000 -LEADER | |
|---|---|
| fixed length control field | 01615cam a22003255a 4500 |
| 001 - CONTROL NUMBER | |
| control field | ybp11698865 |
| 003 - CONTROL NUMBER IDENTIFIER | |
| control field | OSt |
| 005 - DATE AND TIME OF LATEST TRANSACTION | |
| control field | 20151129134411.0 |
| 008 - FIXED-LENGTH DATA ELEMENTS--GENERAL INFORMATION | |
| fixed length control field | 140314t2014 enk frb f001 0 eng d |
| 020 ## - INTERNATIONAL STANDARD BOOK NUMBER | |
| Cancelled/invalid ISBN | 9780199387250 (paper) |
| 020 ## - INTERNATIONAL STANDARD BOOK NUMBER | |
| Cancelled/invalid ISBN | 0199387257 (paper) |
| 040 ## - CATALOGING SOURCE | |
| Original cataloging agency | NhCcYBP |
| Transcribing agency | NhCcYBP |
| Language of cataloging | eng |
| Modifying agency | EG-ScBUE |
| 082 04 - DEWEY DECIMAL CLASSIFICATION NUMBER | |
| Classification number | 320.510941 |
| Edition number | 22 |
| Item number | MOR |
| 100 1# - MAIN ENTRY--PERSONAL NAME | |
| Personal name | Morefield, Jeanne, |
| Dates associated with a name | 1967- |
| 9 (RLIN) | 38804 |
| 245 10 - TITLE STATEMENT | |
| Title | Empires without imperialism : |
| Remainder of title | Anglo-American decline and the politics of deflection / |
| Statement of responsibility, etc | Jeanne Morefield. |
| 260 ## - PUBLICATION, DISTRIBUTION, ETC. (IMPRINT) | |
| Place of publication, distribution, etc | Oxford ; |
| -- | New York : |
| Name of publisher, distributor, etc | Oxford University Press, |
| Date of publication, distribution, etc | c.2014 |
| 300 ## - PHYSICAL DESCRIPTION | |
| Extent | x, 288 p. ; |
| Dimensions | 24 cm. |
| 500 ## - GENERAL NOTE | |
| General note | Index : p. 279-288. |
| 504 ## - BIBLIOGRAPHY, ETC. NOTE | |
| Bibliography, etc | Bibliography : p. 243-278. |
| 505 0# - FORMATTED CONTENTS NOTE | |
| Formatted contents note | Alfred Zimmern's "Oxford paradox" : displacement and Athenian nostalgia -- Falling in love with Athens : Donald Kagan on America and Thucydides' revisionism -- The Round Table's story of commonwealth -- The empire whisperer : Niall Ferguson's misdirection, disavowal and the perilousness of neoliberal time -- Empire's handyman : Jan Smuts and the politics of international holism -- Michael Ignatieff's tragedy : just as we are, here and now -- Conclusion : is this who we want to be? |
| 650 #0 - SUBJECT ADDED ENTRY--TOPICAL TERM | |
| Topical term or geographic name as entry element | Liberalism |
| Geographic subdivision | Great Britain |
| General subdivision | History. |
| Source of heading or term | BUEsh |
| 9 (RLIN) | 14391 |
| 650 #0 - SUBJECT ADDED ENTRY--TOPICAL TERM | |
| Topical term or geographic name as entry element | Liberalism |
| Geographic subdivision | United States |
| General subdivision | History. |
| Source of heading or term | BUEsh |
| 650 #7 - SUBJECT ADDED ENTRY--TOPICAL TERM | |
| Topical term or geographic name as entry element | Imperialism. |
| Source of heading or term | BUEsh |
| 9 (RLIN) | 3659 |
| 651 #0 - SUBJECT ADDED ENTRY--GEOGRAPHIC NAME | |
| Geographic name | Great Britain |
| General subdivision | Colonies |
| -- | History. |
| Source of heading or term | BUEsh |
| 651 #0 - SUBJECT ADDED ENTRY--GEOGRAPHIC NAME | |
| Geographic name | United States |
| General subdivision | Territories and possessions |
| -- | History. |
| Source of heading or term | BUEsh |
| 653 ## - INDEX TERM--UNCONTROLLED | |
| Resource For college | BAEPS, Political Science |
| Arrived date list | November2015 |
| 655 ## - INDEX TERM--GENRE/FORM | |
| Form subdivision | Reading book |
| -- | 34232 |
| 710 2# - ADDED ENTRY--CORPORATE NAME | |
| Corporate name or jurisdiction name as entry element | ebrary, Inc. |
| 942 ## - ADDED ENTRY ELEMENTS (KOHA) | |
| Source of classification or shelving scheme | Dewey Decimal Classification |
| Withdrawn status | Item status | Source of classification or shelving scheme | Damaged status | Not for loan | Vendor | Home library | Current library | Shelving location | Date acquired | Source of acquisition | Total Checkouts | Full call number | Barcode | Date last seen | Koha item type |
|---|---|---|---|---|---|---|---|---|---|---|---|---|---|---|---|
| Dewey Decimal Classification | Baccah | Central Library | Central Library | First floor | 29/11/2015 | Purchase | 320.510941 MOR | 000031452 | 15/07/2025 | Book - Borrowing | |||||
| Dewey Decimal Classification | Baccah | Central Library | Central Library | First floor | 29/11/2015 | Purchase | 320.510941 MOR | 000031453 | 15/07/2025 | Book - Borrowing | |||||
| Dewey Decimal Classification | Baccah | Central Library | Central Library | First floor | 29/11/2015 | Purchase | 320.510941 MOR | 000031454 | 15/07/2025 | Book - Borrowing |